000 00610nam a22001937a 4500
008 160813s2016 pn||||| |||| 00| 0 spa d
020 _a9789962121848
082 0 4 _a720.98
_bM757a
100 _aMontañez, Darién.
_92331
245 1 3 _aEl ABC de la arquitectura latinoamericana /
_cDarién Montañez y Manuel Serpa.
250 _a1a ed.
260 _aPanamá :
_bD. Montañez ; M. Serpa,
_c2016.
300 _a60 p.
_bil.col.
653 1 0 _aArquitectura
653 1 0 _aArquitectura Latinoamericana
653 1 0 _aDiccionario - Arquitectura
653 1 0 _aArquitectura moderna
700 1 _aSerpa, Manuel.
_95422
999 _c1011
_d1011